Welcome to the Holygrace Academy Library

Please use search bar below to get started

SLUMDOG MILLIONAIRE (Record no. 3968)

MARC details
000 -LEADER
fixed length control field 00636nam a22001457a 4500
020 ## - INTERNATIONAL STANDARD BOOK NUMBER
ISBN 978-0-552-77542-7
082 ## - DEWEY DECIMAL CLASSIFICATION NUMBER
Classification number 823
Item number SWA/S
100 ## - MAIN ENTRY--AUTHOR NAME
Personal name SWARUP, VIKAS
245 ## - TITLE STATEMENT
Title SLUMDOG MILLIONAIRE
260 ## - PUBLICATION, DISTRIBUTION, ETC. (IMPRINT)
Place of publication LONDON
Name of publisher BLACK SWAN
Year of publication 2009
300 ## - PHYSICAL DESCRIPTION
Number of Pages 382
520 ## - SUMMARY, ETC.
Summary, etc Slumdog Millionaire, by Indian author and diplomat Vikas Swarup, follows the rags-to-riches story of an Indian teenager who becomes a millionaire by winning a version of “Who Wants to be a Millionaire.” Swarup published the novel in 2005 with the title Q&A, to reflect the trivia show that reverses the poor boy's ...
650 ## - SUBJECT ADDED ENTRY--TOPICAL TERM
Topical Term NOVEL
Geographic subdivision UNITED KINGDOM
942 ## - ADDED ENTRY ELEMENTS (KOHA)
Koha item type Books
Holdings
Withdrawn status Lost status Collection code Home library Current library Shelving location Date acquired Source of acquisition Full call number Accession Number Koha item type
    Fiction Main Library Main Library SHELF-14-L- ALPHABETICAL- S --ENGLISH NOVELS & FICTIONS 17/06/2010 purchase 823 SWA/S 05352 Books